000 00798nam a2200229Ia 4500
999 _c683
_d683
020 _a0131714686
020 _a9780131714687
020 _a0132066742 (pbk.)
020 _a9780132066747 (pbk.)
050 0 0 _aRT41
_b.F96 REF
100 _aBerman, Audrey
245 0 0 _aKozier & Erb's fundamentals of nursing :
_bconcepts, process, and practice /
_cAudrey Berman ... [et al.].
250 _a8th ed.
260 _aUpper Saddle River, N.J. :
_bPearson Prentice Hall,
_cc2008.
300 _axxv, 1631 p. :
_bcol. ill. ;
_c29 cm. +
_e1 DVD-ROM (4 3/4 in.)
500 _aBarbara Kozier's name appears first on earlier ed. under the title: Fundamentals of nursing.
650 0 _aNursing.
700 1 _aBerman, Audrey.
700 1 _aKozier, Barbara.
730 0 _aFundamentals of nursing.
942 _cBK